000 02318cam a22003974a 4500
999 _c128138
_d128138
001 13978270
003 ARRUPE
005 20180912115333.0
008 050523s2005 enk b 001 0 eng
010 _a 2005014366
020 _a0745320899 (hb)
020 _a0745320880 (pb)
035 _a(OCoLC)ocm60543407
040 _aDLC
_cDLC
_dYDX
_dBAKER
_dDLC
042 _apcc
050 0 0 _aHM585
_b.G66 2005
082 0 0 _a302.23
_222
100 1 _aGoode, Luke,
_d1971-
_942096
245 1 0 _aJürgen Habermas :
_bdemocracy and the public sphere /
_cLuke Goode.
260 _aLondon ;
_aAnn Arbor, MI :
_bPluto Press,
_c2005.
300 _avi, 165 p. ;
_c23 cm.
440 0 _aModern European thinkers
_942097
504 _aIncludes bibliographical references (p. 147-162) and index.
505 0 _aIntroduction -- Excavations: the history of a concept -- The bourgeois public sphere -- The fall of the bourgeois public sphere -- Critical publicity and late capitalism -- Discursive testing: the public sphere and its critics -- Lessons from history -- Equality and emancipation -- Rationality and embodiment -- Reconfigurations: the public sphere since Structural Transformation -- Scientism and politics -- System, lifeworld and communicative action -- The politics of the other -- Mediations: from the coffee house to the Internet café -- The fall of the agora -- A public sphere in bits? -- Unfinished projects: reflexive democracy -- Reflexive agency -- Risk and reflexivity -- Revisiting the public sphere.
600 1 0 _aHabermas, Jürgen.
_tStrukturwandel der Öffentlichkeit.
_942098
650 0 _aSociology
_xMethodology.
_942099
650 0 _aDemocracy.
_942100
650 0 _aMass media
_xPolitical aspects.
_923519
650 0 _aPolitical participation.
_98001
650 0 _aPolitical sociology.
_941871
651 0 _aInternet
_xPolitical aspects.
_942101
906 _a7
_bcbc
_corignew
_d1
_eecip
_f20
_gy-gencatlg
942 _2lcc
_cMONOGRAPH